| 000 | 00363nam a2200145Ia 4500 | ||
|---|---|---|---|
| 008 | 230312s9999||||xx |||||||||||||| ||und|| | ||
| 020 | _a93-325-1859-9 | ||
| 082 |
_a808.066 _bGER-C |
||
| 100 | _aGerson;Sharon | ||
| 245 | 0 | _aCommunication process and product | |
| 260 |
_bPearson _aIndia _c2014 |
||
| 300 | _a700 | ||
| 650 |
_aEngineering _vAvionics |
||
| 942 | _cBK | ||
| 999 |
_c12405 _d12405 |
||